书目信息 |
| 题名: |
市场经济前沿问题
|
|
| 作者: | 魏杰 | |
| 分册: | ||
| 出版信息: | 北京 中国发展出版社 2001 |
|
| 页数: | 406 | |
| 开本: | 20cm | |
| 丛书名: | ||
| 单 册: | ||
| 中图分类: | F014.3 | |
| 科图分类: | ||
| 主题词: | 政治经济学--概论 | |
| 电子资源: | ||
| ISBN: | 7-80087-478-8 | |
| 000 | 00592nam0 2200193 450 | |
| 001 | 0760515518 | |
| 005 | 20070817164835.51 | |
| 010 | @a7-80087-478-8@d¥32.00 | |
| 100 | @a20070817d km y0chiy0120 ea | |
| 101 | 0 | @achi |
| 200 | 1 | @a市场经济前沿问题@Ashi chang jing ji qian yan wen ti@e现代经济运行方式@f魏杰@Fwei jie |
| 210 | @a北京@c中国发展出版社@d2001 | |
| 215 | @a406@d20cm | |
| 517 | 1 | @a现代经济运行方式@Axian dai jing ji yun xing fang shi |
| 606 | 0 | @a政治经济学@x概论 |
| 690 | @aF014.3@v3 | |
| 701 | 0 | @a魏杰@Awei jie |
| 801 | 0 | @aCN@bPFT@c20070817 |
| 905 | @a213230@dF014.3@eg16@f1 | |
| 市场经济前沿问题:现代经济运行方式/魏杰.-北京:中国发展出版社,2001 |
| 406;20cm |
| ISBN 7-80087-478-8:¥32.00 |
| ● |
| 相关链接 |
|
|
|
|
正题名:市场经济前沿问题
索取号:F014.3/g16
 
预约/预借
| 序号 | 登录号 | 条形码 | 馆藏地/架位号 | 状态 | 备注 |
| 1 | 6501620 | 265016207 | 密集书库-海洋学院/ [索取号:F014.3/g16] | 在馆 |